| 000 | 00421nam a22001697a 4500 | ||
|---|---|---|---|
| 003 | MPLRDC | ||
| 005 | 20220104143222.0 | ||
| 008 | 210129b ||||| |||| 00| 0 eng d | ||
| 082 | _a738.6 QWB | ||
| 100 | _a钱文宝、林伍光著 | ||
| 245 |
_a马来西亚简史 _c |
||
| 250 | _a一版一刷 | ||
| 260 |
_a _b商务印书馆 _c1981 |
||
| 300 | _b平 | ||
| 650 | _a东南亚--马来西亚 | ||
| 942 |
_cBK _o738.6 QWB |
||
| 999 |
_c37760 _d37750 |
||